=LDR 00000nam 2200000 4500 =001 INLIS000000000013722 =005 20130612105053 =008 ***********************************Ind** =035 ##$$0010-061300000013722 =041 ##$$a Ind =082 ##$$a 613.71 =090 ##$$a 613.71, Sup p =100 ##$$a Suparman =245 ##$$a Panduan senam stroke, Gerakan ampuh bebaskan diri dari stroke, Drs. Soeparman, SMPh =260 ##$$a 2004 $b Jakarta =300 ##$$a 102 hlm, Ilus, 21 cm =650 ##$$a Senam =850 ##$$a NBPNMAT =990 ##$$a 1193511935 =990 ##$$a 01201711935